000 00637nam a22001695i 4500
001 162156
003 ES-MaACL
005 20250930063143.0
008 041102s1876 sp |||| | spa d
040 _aCAM
_bspa
_cCAM
100 1 _aPina Domínguez, Mariano,
_d1840-1895
_9139971
245 1 3 _aEl hombre de las tres pelucas
_b: novela festiva /
_coriginal de Mariano Pina Dominguez.
260 _aMadrid :
_bUrbano Manini, Editor,
_c1876 (
_fImprenta á cargo de J. Peña)
300 _a237, [2] p. ;
_c18 cm.
852 _aES-MaACL
_jG-10956
_z-- Enc. hol.
_z-- Ex-libris ms. de Gustavo Saenz Diez
999 _c162156
_d162156